000 00717nam a2200205Ii 4500
003 JO-AjNU
008 230605s9999||||xx |||||||||||||| ||und||
040 _aJO-AjNU
_bara
_erda
_cJO-AjNU
041 _aara
050 1 4 _aAG196.A7.1992
100 3 _aالبرباري،نبيل ,
_eauthor
_910380
245 0 0 _aاختبر معلوماتك:طريقة تثقيفية مسلية توسع معلوماتك العامة وتنمي ذكاءك
250 _aط1 ،اصدار 4
264 3 1 _aبيروت:دار العلم للملايين،1992
300 _a251ص
336 _atext
_btxt
_2rdacontent
337 _aunmediated
_bn
_2rdamedia
338 _avolume
_bnc
_2rdacarrier
650 4 _aاسئلة واجوبة
_910381
999 _aA1777
_c5345
_d5345